000 01086cam a22001934a 4500
999 _c1615
_d1615
020 _a0072316373 (alk. paper)
050 0 0 _aHF5635
_b.M492 2000
100 _aRobert F. Meigs
110 _aJan R. Willimas, Susan F. Haka, Mark S. Bettner
245 0 0 _aFinancial accounting /
_cRobert F. Meigs ... [et al.].
250 _a10th ed.
260 _aBoston :
_bIrwin/McGraw Hill,
_cc2001.
300 _axxiv, 712 p. :
_bill. (some col.) ;
_c29 cm. +
_e1 computer laser optical disc (4 3/4 in.)
500 _aIncludes indexes.
505 _aAccounting information for decision making Basic Financial statements The accounting cycle: capturing economic events The accounting cycle: reporting financial results Accounting for merchandising activities Financial Assets Inventories and the cost of goods sold Plant asses and depreciation liabilities Stockholder's equity: paid-in capital Income and changes in retained earnings Statement of cash flows Financial statement Analysis Global Business and Accounting
650 0 _aAccounting.
700 1 _aMeigs, Robert F.
942 _cBK